Encyclopedia of Controlled Drug Delivery Volume 2 (Record no. 7215)
[ view plain ]
| 000 -LEADER | |
|---|---|
| fixed length control field | 00436nam a2200169Ia 4500 |
| 008 - FIXED-LENGTH DATA ELEMENTS--GENERAL INFORMATION | |
| fixed length control field | 230711s9999||||xx |||||||||||||| ||und|| |
| 020 ## - INTERNATIONAL STANDARD BOOK NUMBER | |
| International Standard Book Number | 978-81-265-2085-5 |
| 041 ## - LANGUAGE CODE | |
| Language code of text/sound track or separate title | ENG |
| 082 ## - DEWEY DECIMAL CLASSIFICATION NUMBER | |
| Classification number | 615.7 |
| Item number | MA-E |
| 100 ## - MAIN ENTRY--PERSONAL NAME | |
| Personal name | Mathiowitz,Edith |
| 245 #0 - TITLE STATEMENT | |
| Title | Encyclopedia of Controlled Drug Delivery Volume 2 |
| 250 ## - EDITION STATEMENT | |
| Edition statement | 1st Ed. |
| 260 ## - PUBLICATION, DISTRIBUTION, ETC. | |
| Date of publication, distribution, etc. | 2009 |
| Place of publication, distribution, etc. | New York |
| Name of publisher, distributor, etc. | John Wiley & Sons.Inc |
| 300 ## - PHYSICAL DESCRIPTION | |
| Extent | 493-1057p. |
| 650 ## - SUBJECT ADDED ENTRY--TOPICAL TERM | |
| Topical term or geographic name entry element | Pharmacy |
| 942 ## - ADDED ENTRY ELEMENTS (KOHA) | |
| Koha item type | Book |
| Withdrawn status | Lost status | Damaged status | Not for loan | Collection | Home library | Current library | Date acquired | Source of acquisition | Inventory number | Total checkouts | Full call number | Barcode | Date last seen | Price effective from | Koha item type | Date last checked out |
|---|---|---|---|---|---|---|---|---|---|---|---|---|---|---|---|---|
| MRSPTU Central Library | MRSPTU Central Library | 09/08/2043 | Krishna Book Distributors | KBD/2017-2018/1020343059 | 615.7 MA-E | P427 | 08/17/2023 | 08/17/2023 | Book | |||||||
| MRSPTU Central Library | MRSPTU Central Library | 09/08/2043 | Krishna Book Distributors | KBD/2017-2018/1020343059 | 1 | 615.7 MA-E | P428 | 12/12/2025 | 08/17/2023 | Book | 12/11/2025 |
